Church history in plain language / (Record no. 1641)

MARC details
000 -LEADER
fixed length control field 01964cam a2200469 i 4500
001 - CONTROL NUMBER
control field data
005 - DATE AND TIME OF LATEST TRANSACTION
control field 20260322212110.0
008 - FIXED-LENGTH DATA ELEMENTS--GENERAL INFORMATION
fixed length control field data
035 ## - SYSTEM CONTROL NUMBER
System control number 22770683
010 ## - LIBRARY OF CONGRESS CONTROL NUMBER
LC control number 2022303639
015 ## - NATIONAL BIBLIOGRAPHY NUMBER
National bibliography number GBC1A1254
Source bnb
016 7# - NATIONAL BIBLIOGRAPHIC AGENCY CONTROL NUMBER
Record control number 020240305
Source Uk
020 ## - INTERNATIONAL STANDARD BOOK NUMBER
International Standard Book Number 9780310115960
Qualifying information (pbk.)
020 ## - INTERNATIONAL STANDARD BOOK NUMBER
International Standard Book Number 0310115965
Qualifying information (pbk.)
020 ## - INTERNATIONAL STANDARD BOOK NUMBER
Canceled/invalid ISBN 9780310115984 (ebook)
035 ## - SYSTEM CONTROL NUMBER
System control number (OCoLC)1259526563
040 ## - CATALOGING SOURCE
Original cataloging agency UKMGB
Language of cataloging eng
Transcribing agency UKMGB
Description conventions rda
Modifying agency DLC
-- OCLCF
-- XBE
-- MIPRT
-- DTM
-- OCLCO
-- OCLCA
-- IMD
-- OCLCO
-- DLC
042 ## - AUTHENTICATION CODE
Authentication code lccopycat
050 00 - LIBRARY OF CONGRESS CALL NUMBER
Classification number BR150
Item number .S52 2020
082 04 - DEWEY DECIMAL CLASSIFICATION NUMBER
Classification number 270
Edition information 23
100 1# - MAIN ENTRY--PERSONAL NAME
Personal name Shelley, Bruce L.
Fuller form of name (Bruce Leon),
Dates associated with a name 1927-2010,
Relator term author.
245 10 - TITLE STATEMENT
Title Church history in plain language /
Statement of responsibility, etc. Bruce L. Shelley.
250 ## - EDITION STATEMENT
Edition statement Fifth edition. /
Remainder of edition statement revised by Marshall Shelley.
264 #1 - PRODUCTION, PUBLICATION, DISTRIBUTION, MANUFACTURE, AND COPYRIGHT NOTICE
Place of production, publication, distribution, manufacture Grand Rapids :
Name of producer, publisher, distributor, manufacturer Zondervan Academic,
Date of production, publication, distribution, manufacture, or copyright notice [2020]
264 #4 - PRODUCTION, PUBLICATION, DISTRIBUTION, MANUFACTURE, AND COPYRIGHT NOTICE
Date of production, publication, distribution, manufacture, or copyright notice ©2020
300 ## - PHYSICAL DESCRIPTION
Extent xx, 596 pages :
Other physical details illustrations, maps ;
Dimensions 23 cm
336 ## - CONTENT TYPE
Content type term text
Content type code txt
Source rdacontent
336 ## - CONTENT TYPE
Content type term still image
Content type code sti
Source rdacontent
337 ## - MEDIA TYPE
Media type term unmediated
Media type code n
Source rdamedia
338 ## - CARRIER TYPE
Carrier type term volume
Carrier type code nc
Source rdacarrier
504 ## - BIBLIOGRAPHY, ETC. NOTE
Bibliography, etc. note Includes bibliographical references and indexes.
505 0# - FORMATTED CONTENTS NOTE
Formatted contents note The age of Jesus and the apostles, 6BC - AD 70 -- The age of Catholic Christianity, 70-312 -- The age of the Christian Roman Empire, 312-590 -- The Christian middle ages, 590-1517 -- The age of the Reformation, 1517-1648 -- The age of reason and revival, 1648-1789 -- The age of progress, 1789-1914 -- The age of ideologies, 1914-1989 -- The age of technology and the Spirit, 1990-.
650 #0 - SUBJECT ADDED ENTRY--TOPICAL TERM
Topical term or geographic name entry element Church history.
650 #6 - SUBJECT ADDED ENTRY--TOPICAL TERM
Topical term or geographic name entry element Église
General subdivision Histoire.
650 #7 - SUBJECT ADDED ENTRY--TOPICAL TERM
Topical term or geographic name entry element church history.
Source of heading or term aat
650 #7 - SUBJECT ADDED ENTRY--TOPICAL TERM
Topical term or geographic name entry element Church history.
Source of heading or term fast
Authority record control number or standard number (OCoLC)fst00860740
700 1# - ADDED ENTRY--PERSONAL NAME
Personal name Shelley, Marshall,
Relator term editor.
776 08 - ADDITIONAL PHYSICAL FORM ENTRY
Relationship information ebook version :
International Standard Book Number 9780310115984
906 ## - LOCAL DATA ELEMENT F, LDF (RLIN)
a 7
b cbc
c copycat
d 2
e ncip
f 20
g y-gencatlg
925 0# -
-- acquire
-- 1 shelf copy
-- policy default
Holdings
Withdrawn status Lost status Damaged status Not for loan Home library Current library Shelving location Date acquired Total checkouts Full call number Barcode Date last seen Price effective from Koha item type
        Institut Protestant de Théologie Institut Protestant de Théologie General stacks 22/03/2026   270 LOC-IPT-00032 22/03/2026 22/03/2026 Books